Statistiques concernant Les fromages AOC et IGP, de A à Z

Cliquez ici pour prendre le quiz!

Statistiques générales

  • Ce quiz a été pris 92 fois
    (71 depuis la dernière actualisation)
  • Le résultat moyen est 8 sur 15

Statistiques - réponses

A-ZNbreRéponses% Correct
C9Camembert | Cancoillotte | Cantal | Chabichou | Charolais | Chaource | Chevrotin | Comté | Crottin de Chavignol
95%
E2Emmental | Epoisses
80%
M5Mâconnais | Maroilles | Mont d'or | Munster | Morbier
79%
R5Raclette | Reblochon | Rigotte de Condrieu | Rocamadour | Roquefort
77%
B11Banon | Beaufort | Bleu d'Auvergne | Bleu des Causses | Bleu de Gex | Bleu du Vercors | Brie de Meaux | Brie de Melun | Brillat-Savarin | Brocciu | Brousse du Rove
75%
S6Saint-Marcellin | Saint-Nectaire | Sainte-Maure-de-Touraine | Salers | Selles-sur-Cher | Soumaintrain
75%
G1Gruyère
54%
T3Tome des Bauges | Tomme de Savoie | Tomme des Pyrénées
52%
A1Abondance
46%
L3Laguiole | Langres | Livarot
46%
F2Fourme d'Ambert | Fourme de Montbrison
38%
O1Ossau-Iraty
36%
P4Pélardon | Picodon | Pont l'évêque | Pouligny-Saint-Pierre
33%
V1Valençay | Vacherin
31%
N1Neufchâtel
28%

Distribution des résultats

Percentile par nombre de réponses

% des personnes avec chaque résultat

Votre développement - résultats

Vous n’avez pas pris ce quiz depuis la dernière actualisation